| 000 | 00470pam a2200181 a 4500 | ||
|---|---|---|---|
| 020 | _a0849357373 (v. 1) | ||
| 020 | _a0849357381 (v. 2) | ||
| 040 | _cDLC | ||
| 082 | 0 | 0 | _a613 CRC 1986 A041 Or. |
| 245 | 0 | 0 | _aNutritional aspects of aging / |
| 260 |
_aBoca Raton, Fla. : _bCRC Press, _c1986. |
||
| 300 |
_a2 v. : _bill. ; _c27 cm. |
||
| 650 | 0 | _aAging | |
| 650 | 0 | _aOlder people | |
| 650 | 0 | _aNutritionally induced diseases. | |
| 700 | 1 | _aChen, Linda H. | |
| 942 | _cEK | ||
| 999 |
_c12277 _d12277 |
||